№ 1/12; Водоснабжение и санитарная техника

Detalhes bibliográficos
Parent link:Водоснабжение и санитарная техника: научно-технический и производственный журнал. № 1/12.— , 1968-.— 0321-4044
Idioma:russo
Publicado em: 1968
Formato: MixedMaterials Livro
KOHA link:https://koha.lib.tpu.ru/cgi-bin/koha/opac-detail.pl?biblionumber=479368

MARC

LEADER 00000nam2a2200000 4500
001 479368
005 20231101093319.0
035 |a (RuTPU)RU\TPU\prd\146270 
035 |a RU\TPU\prd\144613 
090 |a 479368 
100 |a 20120711a19689999k y0rusy50 ca 
101 0 |a rus 
102 |a RU 
200 0 |a № 1/12 
210 |d 1968 
461 1 |0 (RuTPU)RU\TPU\prd\1404  |x 0321-4044  |t Водоснабжение и санитарная техника  |o научно-технический и производственный журнал  |v № 1/12  |d 1968- 
801 0 |a RU  |b 63413507  |c 20010227  |g PSBO 
801 1 |a RU  |b 63413507  |c 20120622 
801 2 |a RU  |b 63413507  |c 20120712  |g RCR 
942 |c BK 
999 |a НТБ_ТПУ  |b НФ  |e -4/20120110  |p П-3004  |u 0,00  |v 1  |x 29958